000 00322nam a22001337a 4500
008 170321b xxu||||| |||| 00| 0 eng d
020 _a9780766825352
041 _aeng
080 _24TH
_a616.12-008-073
100 _a7
101 _aSHM
245 _aCARDIOPULMONARY ANATOMY & PHYSIOLOGY
_cJARDINS, T.J
942 _2udc
_cBK
999 _c8288
_d8288